| 000 | 01121nam0a22002771 4500 | ||
|---|---|---|---|
| 001 | RU\NLR\INFOCOMM_195\5000051840 | ||
| 005 | 20250613093215.0 | ||
| 035 | _a(NLR Aleph) 009195089 | ||
| 090 |
_a8654402 _c8654402 |
||
| 100 | _a20100414d1981 |||y0rusy50 ca | ||
| 101 | 1 |
_afre _crus |
|
| 102 | _aRU | ||
| 105 | _ay ||||000|y | ||
| 200 | 1 |
_aLa Chine et ses voisins dans l'Antiquité et au Moyen Âge _eRec. d'art _f[Sous la dir. de S. Tikhvinski, mem.-corr. de l'Acad. des sciences de l'U. R. S. S. et L. Pérélomov, dr en histoire _gTrad. du russe avec la collab. de Colette Kitachewsky] |
|
| 210 |
_aΜ. _cProgrès _d1981 |
||
| 215 |
_a253 с. _d21 см |
||
| 300 | _aВ вып. дан.: Китай и соседи в древности и средневековье | ||
| 320 | _aБиблиогр. в конце статей | ||
| 686 |
_a[Т3(5Кит)4-64я43]Ив565 _2rubbk |
||
| 702 | 1 |
_9z01790 _aTichvinskij _bS. L. _f1918- _gSergej Leonidovič _4340 |
|
| 790 | 1 |
_9z01702 _aTikhvinski _bS. _4340 |
|
| 801 | 1 |
_aRU _bNLR _c20100414 |
|
| 801 | 0 |
_aRU _bNLR _gPSBO |
|
| 852 |
_aNLR _jИ91 Д-3/319 |
||
| 942 | _cBOOK | ||
| 980 | _aNB | ||